| 000 | 00357nam a22001337a 4500 | ||
|---|---|---|---|
| 020 | _a9780199574452 | ||
| 082 |
_a341 _bDIX |
||
| 100 | _aDixon, Martin | ||
| 245 |
_aTextbook on International Law / _cMartin Dixon |
||
| 260 |
_aUnited Kingdom : _bOxford University Press, _c2013. |
||
| 300 |
_a393 p. ; _c24 cm. |
||
| 563 | _aHBK. | ||
| 942 |
_2ddc _cBK |
||
| 999 |
_c592396 _d592396 |
||